000 01534nam0a22003371 4500
001 RU\INFOCOMM_322\NLR\5000084890
005 20250613103952.0
035 _a(NLR Aleph) 009483897
090 _a8605140
_c8605140
100 _a20121204d1981 |||y0rusy50 ca
101 0 _aeng
102 _aRU
105 _ay z |||||
200 1 _aˆThe ‰differences of hadronic cross-sections and the residues of secondary reggeons in the quark-gluon model for strong interactions
_fA. B. Kaidalov, P. E. Volkovitsky
210 _aМосква
_cИТЭФ
_d1981
215 _a23 с.
_cил.
_d20 см
225 1 _aInstitute of theoretical and experimental physics
_vITEP-108
300 _aВ вып. дан.: Разности полных сечений адрон-адронного взаимодействия и вычеты вторичных реджеонов в кварк-глюонной модели сильных взаимодействий / А. Б. Кайдалов, П. Э. Волковицкий
320 _aБиблиогр.: с. 21-23
606 0 _aАдроны
_xВзаимодействия
_xТеория
_2nlr_sh1
686 _aВ382.1
_2rubbk
686 _aВ382.145
_2rubbk
700 1 _9z01790
_aKajdalov
_bA. B.
_gAleksej Borisovič
701 1 _9z02790
_aVolkovickij
_bP. E.
_gPetr Édmundovič
790 1 _9z01700
_aKaidalov
_bA. B.
_4070
790 1 _9z02701
_aVolkovitsky
_bP. E.
_4070
801 1 _aRU
_bNLR
_c20121204
801 0 _aRU
_bINFOCOMM
_gPSBO
852 _aNLR
_jФз01 Д-4/1639
942 _cBOOK
980 _aNB